00497nam a2200133 4500008004100000082001500041245008100056260006300137300001000200650003600210942000700246952009500253999001500348231226b |||||||| |||| 00| 0 eng d a323.2bETH aEthnic violence in Galle: ba report of the independent committee of inquiry aColombo :bInternational Centre for Ethnic Studies,c 1995 a31 p. aETHNIC VIOLENCE-Galle-Sri Lanka cRP 00102ddc4070aMAINbMAINd2023-12-26l0o323.2 ETHpRAF4630r2023-12-26w2023-12-26yRP c4568d4568